000 00618nam a22001937a 4500
999 _c58284
_d58284
005 20211021132333.0
008 211021s2007 ru ||||| |||| 00| 0 rus d
020 _a9788776871888
041 _arus
080 _a299.93 Х-12
100 _aХаббард, Рональд Лафайет.
_912701
245 _aСаентология 8-8008 /
_c Л.Рон Хаббард.
264 _aМ. :
_b"Нью Эра",
_c2007.
300 _a399 с. :
_b ил. ;
_c25 см.
653 _aСаентология
653 _aდიანეტიკა.
653 _aსაენტოლოგია.
942 _2udc
_cBK